000 01879cam a22003974i 4500
003 PE-LiUPU
005 20250731184545.0
008 150625s r 000 0 d
035 _a(Sirsi) a31054
040 _aPE-LiUPU
_bspa
_cPE-LiUPU
_erda
082 0 4 _a909
_bIb1
_221
100 1 _aIbarra y Rodriguez, Eduardo, dr.,
_eautor.
245 1 0 _aHistoria del mundo en la edad moderna; Napoleón .
_n8.
264 1 _aBarcelona :
_bRamón Sopena,
_c1957.
336 _atext
_2rdacontent
337 _aunmediated
_2rdamedia
338 _avolume
_2rdacarrier
505 0 _aEl consulado. - La neutralidad armada. - La participación de Europa. - Francia y sus tributarios. - Francia bajo el imperio. - Los códigos. - Los concordatos. - El dominio del mar. - La tercera coalición I, II. - Apogeo del imperio Napoleónico. - La guerra de 1809. - El bloqueo continental. - Los estados dependientes de Francia y suiza. - Guerra de la independencia en la península Ibérica. - rusia durante el reinado de Alejandro I y la invasiónde 1812. - Guerra de liberación. - La primera restauración. - El congreso de viena. - Los cien días. - El congreswo de Viena. - La gran Bretaña e Irlanda. - El imperio Británico. - Santa Elena.
526 _aP136
526 _aP135
526 _aP134
526 _aP133
526 _aP144
526 _aP143
526 _aP87
526 _aP35
526 _aP20
526 _aP14
526 _aP10
526 _aP06
942 _2ddc
_cBOOK
949 _a909 Ib1 8
_wDEWEY
_c1
_i03783
_lCCODEBUL1
_mBUL
_p00.00
_r0
_sY
_tBOOK
_u2015-06-25
_xBIBLIOTECA
_zUNKNOWN
_0COMPRA
_o.STAFF. Colección General
596 _a1
999 _a909 IB1 8
_wDEWEY
_c38566
_i03783
_f2021-11-8
_g5
_lCCODEBUL1
_mBUL
_r0
_sY
_tBOOK
_u2015-6-25
_xBIBLIOTECA
_zUNKNOWN
_0COMPRA
_o.STAFF. Colección General
_d38566
980 _81
_gALBERTO SANCHEZ Responsable de Automatización